Granja escuela de agricultura de Caldas de Montbuy
Descripción Física:
[6] p. : il. ; 24 cm
MARC
| LEADER | 00000nam a2200000Ia 4500 | ||
|---|---|---|---|
| 001 | 18599 | ||
| 008 | 160829s9999 xx 000 0 cat d | ||
| 080 | |a FU-33-35 | ||
| 100 | |a Escola Pràctica d'Agricultura (Caldes de Montbui) | ||
| 245 | |a Granja escuela de agricultura de Caldas de Montbuy | ||
| 260 | |a [Barcelona] : |b Diputación Provincial de Barcelona, [19-- ?] | ||
| 300 | |a [6] p. : |b il. ; |c 24 cm | ||
| 590 | |a El nom de l'escola és: Escola Pràctica d'Agricultura (Caldes de Montbui) | ||
| 610 | 2 | 0 | |a Escola Pràctica d'Agricultura (Caldes de Montbui) |9 54571 |
| 710 | 1 | |a Barcelona (Catalunya : Província). |b Diputació |9 52408 | |
| 901 | |a Arxiu | ||
| 942 | |n 1 | ||
| 952 | |0 0 |1 0 |4 0 |6 FU3335 |7 1 |9 52410 |a Arxiu |b Arxiu |d 2016-12-01 |l 0 |o FU-33-35 |p 18599 |r 2016-12-01 00:00:00 |w 2016-12-01 |y ARXIU | ||
| 999 | |c 56258 |d 56258 | ||